| 000 | 00917cam a2200313 i 4500 | ||
|---|---|---|---|
| 001 | 0000475 | ||
| 003 | DO-SdBNP | ||
| 005 | 20231128122409.0 | ||
| 007 | 0000475 | ||
| 008 | 100514s 2005 mx| 000 f spa | ||
| 015 | _a | ||
| 017 |
_a _b |
||
| 020 | _a9789707310742 | ||
| 035 | _a | ||
| 040 |
_aBPMSU _bspa _cBPMSU _e |
||
| 080 | _a | ||
| 082 | 4 |
_a823.8 _bW671f 2005 _222 |
|
| 100 | 1 |
_aWilde, Oscar _d 1854-1900 |
|
| 245 | 1 | 3 |
_aEl fantasma de Canterville / _cOscar Wide ; traducción Julio Gómez de la Serna |
| 260 |
_aMéxico : _bSantillana ediciones generales, _c2005. _f2009. |
||
| 300 |
_a79 p. ; _c18 cm. |
||
| 490 | 0 |
_aPunto de lectura _v515 / 1 |
|
| 534 |
_aTítulo original : _tThe Canterville ghost |
||
| 590 | _aInventariado, 2023/VM | ||
| 650 | 4 | _aCuentos Juveniles ingleses | |
| 700 | 1 |
_aGómez de la Serna, Julio, _etr. |
|
| 910 | _aVMateo V. Control de calidad. BPMSU | ||
| 942 |
_2ddc _cBK |
||
| 999 |
_c10687 _d10687 |
||